[Event "MCR druzstev mladsich zaku 2019"]
[Site "Trest"]
[Date "2019.06.15"]
[Round "3.9"]
[White "Levitner, Matej"]
[Black "Janouskova, Adela"]
[Result "1-0"]
[BlackElo "1457"]
[WhiteElo "1575"]
[LiveChessVersion "1.4.8"]

1. d4 {[%clk 0:25:17]} d5 {[%clk 0:25:16]} 2. c4 {[%clk 0:25:25]} e6
{[%clk 0:25:24]} 3. Nc3 {[%clk 0:25:32]} Nf6 {[%clk 0:25:33]} 4. cxd5
{[%clk 0:25:39]} exd5 {[%clk 0:25:40]} 5. Bg5 {[%clk 0:25:47]} Be7
{[%clk 0:25:17]} 6. Nf3 {[%clk 0:25:44]} Nc6 {[%clk 0:24:33]} 7. e3
{[%clk 0:25:40]} O-O {[%clk 0:24:30]} 8. a3 {[%clk 0:25:26]} Be6 {[%clk 0:24:25]}
9. Bd3 {[%clk 0:25:29]} h6 {[%clk 0:24:10]} 10. Bf4 {[%clk 0:25:28]} Qd7
{[%clk 0:23:40]} 11. O-O {[%clk 0:25:23]} a6 {[%clk 0:23:28]} 12. Rc1
{[%clk 0:23:19]} Rac8 {[%clk 0:21:21]} 13. Qc2 {[%clk 0:23:11]} Rfd8
{[%clk 0:19:03]} 14. Na4 {[%clk 0:22:06]} Bf8 {[%clk 0:15:29]} 15. Nc5
{[%clk 0:21:24]} Bxc5 {[%clk 0:15:33]} 16. Qxc5 {[%clk 0:21:30]} Ne8
{[%clk 0:13:07]} 17. Bxa6 {[%clk 0:20:10]} bxa6 {[%clk 0:11:38]} 18. Qxc6
{[%clk 0:20:14]} Qxc6 {[%clk 0:10:48]} 19. Rxc6 {[%clk 0:20:20]} Nd6
{[%clk 0:10:07]} 20. Bxd6 {[%clk 0:19:18]} Rxd6 {[%clk 0:10:10]} 21. Rfc1
{[%clk 0:19:18]} Rxc6 {[%clk 0:09:38]} 22. Rxc6 {[%clk 0:19:25]} Rb8
{[%clk 0:09:25]} 23. Rxa6 {[%clk 0:18:11]} Rxb2 {[%clk 0:09:22]} 24. h3
{[%clk 0:17:19]} Ra2 {[%clk 0:07:24]} 25. Ne5 {[%clk 0:16:34]} Ra1+
{[%clk 0:05:22]} 26. Kh2 {[%clk 0:16:34]} Ra2 {[%clk 0:05:31]} 27. Kg3
{[%clk 0:16:29]} Ra1 {[%clk 0:04:55]} 28. Nd3 {[%clk 0:15:33]} Kf8
{[%clk 0:03:53]} 29. Nc5 {[%clk 0:11:58]} Ke7 {[%clk 0:03:25]} 30. a4
{[%clk 0:10:48]} Bd7 {[%clk 0:02:27]} 31. a5 {[%clk 0:08:29]} Bb5
{[%clk 0:01:09]} 32. Ra8 {[%clk 0:07:06]} Kd6 {[%clk 0:00:48]} 33. Nb7+
{[%clk 0:05:28]} Kd7 {[%clk 0:00:31]} 34. Nc5+ {[%clk 0:04:33]} Kd6
{[%clk 0:00:33]} 35. Rg8 {[%clk 0:04:21]} g6 {[%clk 0:00:18]} 36. Rf8
{[%clk 0:04:11]} f5 {[%clk 0:00:25]} 37. Rf6+ {[%clk 0:04:02]} Ke7
{[%clk 0:00:33]} 38. Rxg6 {[%clk 0:04:06]} Rxa5 {[%clk 0:00:37]} 39. Rxh6
{[%clk 0:04:12]} Ra8 {[%clk 0:00:21]} 40. Rh7+ {[%clk 0:04:07]} Kd6
{[%clk 0:00:28]} 41. Rf7 {[%clk 0:04:08]} Rg8+ {[%clk 0:00:22]} 42. Kh2
{[%clk 0:04:01]} Rd8 {[%clk 0:00:00]} 43. Nb7+ {[%clk 0:04:01]} 1-0

[Event "MCR druzstev mladsich zaku 2019"]
[Site "Trest"]
[Date "2019.06.15"]
[Round "3.10"]
[White "Stary, Vojtech"]
[Black "Zelbova, Lada"]
[Result "0-1"]
[BlackElo "1469"]
[WhiteElo "1330"]
[LiveChessVersion "1.4.8"]

1. e4 {[%clk 0:25:18]} c5 {[%clk 0:25:19]} 2. Nf3 {[%clk 0:25:26]} d6
{[%clk 0:25:27]} 3. d4 {[%clk 0:25:33]} cxd4 {[%clk 0:25:34]} 4. Nxd4
{[%clk 0:25:40]} Nf6 {[%clk 0:25:42]} 5. Nc3 {[%clk 0:25:46]} a6 {[%clk 0:25:49]}
6. Bc4 {[%clk 0:25:49]} e6 {[%clk 0:25:40]} 7. Be3 {[%clk 0:25:18]} Be7
{[%clk 0:25:36]} 8. Qd2 {[%clk 0:25:06]} b5 {[%clk 0:24:30]} 9. Bd3
{[%clk 0:23:34]} O-O {[%clk 0:24:25]} 10. O-O-O {[%clk 0:22:32]} b4
{[%clk 0:23:36]} 11. Nce2 {[%clk 0:21:58]} a5 {[%clk 0:23:26]} 12. f3
{[%clk 0:22:00]} Bd7 {[%clk 0:22:47]} 13. g4 {[%clk 0:20:52]} a4 {[%clk 0:21:30]}
14. g5 {[%clk 0:19:48]} Ne8 {[%clk 0:20:53]} 15. h4 {[%clk 0:17:16]} b3
{[%clk 0:19:32]} 16. a3 {[%clk 0:15:08]} bxc2 {[%clk 0:18:34]} 17. Bxc2
{[%clk 0:14:56]} Nc6 {[%clk 0:17:01]} 18. f4 {[%clk 0:13:50]} Rb8
{[%clk 0:11:35]} 19. Nxc6 {[%clk 0:11:37]} Bxc6 {[%clk 0:11:33]} 20. Rhg1
{[%clk 0:08:46]} Nc7 {[%clk 0:09:58]} 21. f5 {[%clk 0:07:57]} Qc8
{[%clk 0:07:03]} 22. g6 {[%clk 0:05:38]} Qb7 {[%clk 0:05:39]} 23. gxh7+
{[%clk 0:04:35]} Kxh7 {[%clk 0:05:40]} 24. Bd4 {[%clk 0:03:17]} e5
{[%clk 0:05:05]} 25. Bc3 {[%clk 0:02:15]} Nb5 {[%clk 0:02:33]} 26. Bb4
{[%clk 0:00:39]} Rfc8 {[%clk 0:01:42]} 27. Kb1 {[%clk 0:00:25]} Bxe4
{[%clk 0:01:20]} 28. Nc3 {[%clk 0:00:20]} Nxc3+ {[%clk 0:01:15]} 29. bxc3
{[%clk 0:00:26]} Bxc2+ {[%clk 0:01:01]} 30. Qxc2 {[%clk 0:00:34]} f6
{[%clk 0:00:52]} 31. Rd2 {[%clk 0:00:16]} Bf8 {[%clk 0:00:49]} 32. h5
{[%clk 0:00:21]} d5 {[%clk 0:00:51]} 33. h6 {[%clk 0:00:21]} gxh6
{[%clk 0:00:49]} 34. Rdg2 {[%clk 0:00:24]} Rc7 {[%clk 0:00:46]} 35. Qd2
{[%clk 0:00:22]} Rg7 {[%clk 0:00:43]} 36. Rxg7+ {[%clk 0:00:25]} Bxg7
{[%clk 0:00:48]} 37. Qg2 {[%clk 0:00:26]} d4 {[%clk 0:00:38]} 38. Qg6+
{[%clk 0:00:34]} Kh8 {[%clk 0:00:47]} 39. cxd4 {[%clk 0:00:17]} exd4
{[%clk 0:00:51]} 40. Qg4 {[%clk 0:00:20]} Re8 {[%clk 0:00:51]} 41. Qxd4
{[%clk 0:00:20]} Qe4+ {[%clk 0:00:56]} 42. Qxe4 {[%clk 0:00:27]} Rxe4
{[%clk 0:01:04]} 43. Rf1 {[%clk 0:00:31]} Kg8 {[%clk 0:01:09]} 44. Kc2
{[%clk 0:00:37]} Re3 {[%clk 0:01:16]} 45. Kd2 {[%clk 0:00:44]} Rh3
{[%clk 0:01:16]} 46. Rf2 {[%clk 0:00:44]} Kf7 {[%clk 0:01:19]} 47. Rf4
{[%clk 0:00:50]} h5 {[%clk 0:01:23]} 48. Rd4 {[%clk 0:00:56]} Bh6+
{[%clk 0:01:19]} 49. Kc2 {[%clk 0:01:00]} Ke8 {[%clk 0:01:03]} 50. Re4+
{[%clk 0:01:06]} Kd7 {[%clk 0:01:01]} 51. Re6 {[%clk 0:01:08]} Bg5
{[%clk 0:01:00]} 52. Re7+ {[%clk 0:01:15]} Kc6 {[%clk 0:01:06]} 53. Re6+
{[%clk 0:01:23]} Kd5 {[%clk 0:01:13]} 54. Rd6+ {[%clk 0:01:30]} Ke5
{[%clk 0:01:18]} 55. Ra6 {[%clk 0:01:17]} Kxf5 {[%clk 0:01:14]} 56. Rxa4
{[%clk 0:01:23]} h4 {[%clk 0:01:03]} 57. Ra8 {[%clk 0:01:23]} Rh1
{[%clk 0:00:52]} 58. a4 {[%clk 0:01:28]} h3 {[%clk 0:01:00]} 59. a5
{[%clk 0:01:33]} h2 {[%clk 0:00:58]} 60. Rh8 {[%clk 0:01:35]} Bf4
{[%clk 0:00:56]} 61. Rh5+ {[%clk 0:01:28]} Kg4 {[%clk 0:00:50]} 62. Rh7
{[%clk 0:01:24]} Ra1 {[%clk 0:00:39]} 63. Rg7+ {[%clk 0:01:26]} Kf5
{[%clk 0:00:45]} 64. Rd7 {[%clk 0:01:21]} h1=Q {[%clk 0:00:49]} 65. Rg7
{[%clk 0:01:13]} Qd1+ {[%clk 0:00:47]} 66. Kc3 {[%clk 0:01:17]} Rc1+
{[%clk 0:00:43]} 67. Kb2 {[%clk 0:01:20]} Qc2+ {[%clk 0:00:51]} 68. Ka3
{[%clk 0:01:27]} Ra1# 0-1

[Event "MCR druzstev mladsich zaku 2019"]
[Site "Trest"]
[Date "2019.06.15"]
[Round "3.11"]
[White "Schmutzer, Jakub"]
[Black "Slosar, Jan"]
[Result "1-0"]
[BlackElo "1369"]
[WhiteElo "1348"]
[LiveChessVersion "1.4.8"]

1. e4 {[%clk 0:25:17]} c5 {[%clk 0:25:17]} 2. Nf3 {[%clk 0:25:25]} Nc6
{[%clk 0:25:25]} 3. d4 {[%clk 0:25:31]} cxd4 {[%clk 0:25:33]} 4. Nxd4
{[%clk 0:25:39]} g6 {[%clk 0:25:41]} 5. Nxc6 {[%clk 0:25:31]} bxc6
{[%clk 0:25:49]} 6. Bf4 {[%clk 0:25:28]} d6 {[%clk 0:25:52]} 7. Nc3
{[%clk 0:25:25]} Bg7 {[%clk 0:25:41]} 8. Qd2 {[%clk 0:25:04]} Nf6
{[%clk 0:24:45]} 9. O-O-O {[%clk 0:24:50]} Qb6 {[%clk 0:23:40]} 10. Na4
{[%clk 0:22:34]} Qb7 {[%clk 0:22:49]} 11. Nc5 {[%clk 0:21:54]} Qb8
{[%clk 0:18:20]} 12. e5 {[%clk 0:19:52]} Nd5 {[%clk 0:17:22]} 13. Na4
{[%clk 0:17:54]} O-O {[%clk 0:16:58]} 14. exd6 {[%clk 0:15:49]} exd6
{[%clk 0:16:14]} 15. Bg3 {[%clk 0:14:55]} Rd8 {[%clk 0:15:19]} 16. Bc4
{[%clk 0:10:33]} Be6 {[%clk 0:14:58]} 17. c3 {[%clk 0:09:03]} Qb7
{[%clk 0:14:11]} 18. Qd3 {[%clk 0:06:37]} Bh6+ {[%clk 0:11:30]} 19. f4
{[%clk 0:04:19]} Nxf4 {[%clk 0:11:05]} 20. Qd2 {[%clk 0:04:02]} Ne2+
{[%clk 0:11:02]} 21. Bxe2 {[%clk 0:02:49]} Bxd2+ {[%clk 0:11:09]} 22. Rxd2
{[%clk 0:02:58]} c5 {[%clk 0:10:00]} 23. Bf3 {[%clk 0:02:44]} d5 {[%clk 0:09:11]}
24. Nxc5 {[%clk 0:02:31]} Qe7 {[%clk 0:09:20]} 25. Nxe6 Qxe6 {[%clk 0:09:24]} 26.
Re1 {[%clk 0:02:23]} Qc6 {[%clk 0:08:18]} 27. Re5 {[%clk 0:01:57]} Qa4
{[%clk 0:07:10]} 28. Bxd5 {[%clk 0:01:43]} Rab8 {[%clk 0:06:53]} 29. Rd4
{[%clk 0:01:42]} Qa6 {[%clk 0:06:17]} 30. Re7 {[%clk 0:01:17]} Qf6
{[%clk 0:05:14]} 31. Bh4 {[%clk 0:01:11]} Qf5 {[%clk 0:04:58]} 32. Rxf7
{[%clk 0:00:44]} Qxd5 {[%clk 0:03:59]} 33. Rxd5 {[%clk 0:00:53]} Rxd5
{[%clk 0:04:08]} 34. Rxa7 {[%clk 0:00:57]} Rb6 {[%clk 0:03:48]} 35. Re7
{[%clk 0:00:45]} Rh5 {[%clk 0:03:07]} 36. g3 {[%clk 0:00:24]} g5 {[%clk 0:03:10]}
37. Re5 {[%clk 0:00:27]} Rhh6 {[%clk 0:02:37]} 38. Rxg5+ {[%clk 0:00:35]} Kf7
{[%clk 0:02:39]} 39. Rf5+ {[%clk 0:00:33]} Kg6 {[%clk 0:02:46]} 40. Rg5+
{[%clk 0:00:32]} Kf7 {[%clk 0:02:33]} 41. Rf5+ {[%clk 0:00:21]} Ke6
{[%clk 0:02:41]} 42. Rf4 {[%clk 0:00:22]} Ra6 {[%clk 0:02:08]} 43. Re4+
{[%clk 0:00:25]} Kf5 {[%clk 0:02:13]} 44. Rf4+ {[%clk 0:00:34]} Ke5
{[%clk 0:02:21]} 45. a3 {[%clk 0:00:36]} Rhd6 {[%clk 0:02:04]} 46. Rg4
{[%clk 0:00:18]} Rd3 {[%clk 0:01:50]} 47. Bg5 {[%clk 0:00:20]} Kf5
{[%clk 0:01:49]} 48. Kc2 {[%clk 0:00:13]} Kxg4 {[%clk 0:01:07]} 49. Kxd3
{[%clk 0:00:22]} Kxg5 {[%clk 0:01:15]} 50. Kc4 {[%clk 0:00:28]} Ra4+
{[%clk 0:01:19]} 51. Kb5 {[%clk 0:00:32]} Re4 {[%clk 0:01:24]} 52. a4
{[%clk 0:00:40]} Re6 {[%clk 0:01:27]} 53. a5 {[%clk 0:00:49]} Kf6
{[%clk 0:01:31]} 54. a6 {[%clk 0:00:55]} Ke7 {[%clk 0:01:37]} 55. a7
{[%clk 0:01:01]} Re5+ {[%clk 0:01:43]} 56. Kb6 {[%clk 0:01:06]} Re6+
{[%clk 0:00:56]} 57. Kb7 {[%clk 0:01:15]} Re2 {[%clk 0:00:59]} 58. a8=Q
{[%clk 0:01:23]} Rxb2+ {[%clk 0:01:07]} 59. Kc6 {[%clk 0:01:29]} Rxh2
{[%clk 0:00:27]} 60. Qb7+ {[%clk 0:01:33]} Kf6 {[%clk 0:00:33]} 61. Qc7
{[%clk 0:01:19]} Rc2 {[%clk 0:00:33]} 62. Qf4+ {[%clk 0:01:25]} Kg7
{[%clk 0:00:30]} 63. Qg5+ {[%clk 0:01:25]} Kh8 {[%clk 0:00:20]} 64. Kd6
{[%clk 0:01:15]} Ra2 {[%clk 0:00:14]} 65. Qf6+ {[%clk 0:01:21]} Kg8
{[%clk 0:00:19]} 66. Qe6+ {[%clk 0:01:30]} Kf8 {[%clk 0:00:27]} 67. Qxa2
{[%clk 0:01:35]} h5 {[%clk 0:00:11]} 68. Qa7 {[%clk 0:01:40]} Kg8
{[%clk 0:00:16]} 69. Ke6 {[%clk 0:01:48]} h4 {[%clk 0:00:24]} 70. Kf6
{[%clk 0:01:53]} h3 {[%clk 0:00:27]} 71. Qg7# 1-0

[Event "MCR druzstev mladsich zaku 2019"]
[Site "Trest"]
[Date "2019.06.15"]
[Round "3.12"]
[White "Vana, Jakub"]
[Black "Zelba, Josef"]
[Result "1-0"]
[BlackElo "1165"]
[WhiteElo "1422"]
[LiveChessVersion "1.4.8"]

1. d4 {[%clk 0:25:17]} Nf6 {[%clk 0:25:18]} 2. Nf3 {[%clk 0:25:19]} e6
{[%clk 0:25:19]} 3. Bg5 {[%clk 0:25:23]} c5 {[%clk 0:25:25]} 4. c3
{[%clk 0:25:28]} Nc6 {[%clk 0:25:29]} 5. e3 {[%clk 0:25:33]} h6 {[%clk 0:25:36]}
6. Bh4 {[%clk 0:25:34]} cxd4 {[%clk 0:24:59]} 7. exd4 {[%clk 0:24:41]} d5
{[%clk 0:25:03]} 8. Ne5 {[%clk 0:24:01]} Bd6 {[%clk 0:24:52]} 9. Ng4
{[%clk 0:22:41]} Be7 {[%clk 0:24:22]} 10. Nxf6+ {[%clk 0:20:06]} Bxf6
{[%clk 0:24:29]} 11. Bg3 {[%clk 0:19:48]} O-O {[%clk 0:24:09]} 12. Bd3
{[%clk 0:19:13]} a5 {[%clk 0:23:42]} 13. O-O {[%clk 0:18:15]} a4 {[%clk 0:23:35]}
14. a3 {[%clk 0:17:25]} Bd7 {[%clk 0:23:09]} 15. Nd2 {[%clk 0:16:34]} Ne7
{[%clk 0:22:51]} 16. Bd6 {[%clk 0:14:26]} Re8 {[%clk 0:22:54]} 17. Re1
{[%clk 0:13:34]} Nc8 {[%clk 0:22:51]} 18. Bb4 {[%clk 0:11:52]} Be7
{[%clk 0:22:48]} 19. Bxe7 {[%clk 0:11:36]} Nxe7 {[%clk 0:22:45]} 20. Nf3
{[%clk 0:11:21]} Nc6 {[%clk 0:22:34]} 21. Bb5 {[%clk 0:10:47]} f6
{[%clk 0:21:40]} 22. Bxa4 {[%clk 0:10:36]} Qa5 {[%clk 0:20:41]} 23. Bxc6
{[%clk 0:10:35]} Bxc6 {[%clk 0:20:48]} 24. Qc2 {[%clk 0:09:28]} Ba4
{[%clk 0:19:52]} 25. Qd2 {[%clk 0:08:48]} Ra6 {[%clk 0:19:13]} 26. Nh4
{[%clk 0:07:54]} Kf7 {[%clk 0:19:01]} 27. Nf3 {[%clk 0:07:10]} b5 28. Qe3
{[%clk 0:05:44]} Bc2 {[%clk 0:18:20]} 29. Qd2 {[%clk 0:05:16]} Be4
{[%clk 0:18:17]} 30. Qe2 {[%clk 0:04:35]} Bf5 {[%clk 0:17:57]} 31. Nh4
{[%clk 0:04:28]} Be4 {[%clk 0:18:04]} 32. f3 {[%clk 0:04:20]} Bh7
{[%clk 0:18:07]} 33. f4 {[%clk 0:04:05]} Qb6 {[%clk 0:17:57]} 34. Qh5+
{[%clk 0:03:47]} Kf8 {[%clk 0:17:51]} 35. Ng6+ {[%clk 0:03:29]} Bxg6
{[%clk 0:17:33]} 36. Qxg6 {[%clk 0:03:36]} Rea8 {[%clk 0:17:09]} 37. Re3
{[%clk 0:03:34]} b4 {[%clk 0:17:11]} 38. Rg3 {[%clk 0:03:05]} R8a7
{[%clk 0:16:57]} 39. Qh7 {[%clk 0:02:59]} Kf7 {[%clk 0:16:54]} 40. Qxg7+
{[%clk 0:02:51]} Ke8 {[%clk 0:16:47]} 41. Qg8+ {[%clk 0:02:51]} Kd7
{[%clk 0:16:51]} 42. Rg7+ {[%clk 0:02:59]} Kd6 {[%clk 0:16:56]} 43. Qf8+
{[%clk 0:02:57]} Kc6 {[%clk 0:16:59]} 44. Qc8+ {[%clk 0:02:04]} Rc7
{[%clk 0:16:49]} 45. Rxc7+ {[%clk 0:02:11]} Qxc7 {[%clk 0:16:57]} 46. Qxa6+
{[%clk 0:02:19]} Qb6 {[%clk 0:17:03]} 47. Qxb6+ {[%clk 0:02:27]} Kxb6
{[%clk 0:17:11]} 48. axb4 {[%clk 0:02:34]} Kb5 {[%clk 0:17:20]} 49. Kf2
{[%clk 0:02:40]} Kc4 {[%clk 0:17:28]} 50. Ra6 Kd3 {[%clk 0:17:25]} 51. Rxe6
{[%clk 0:02:49]} Kc2 {[%clk 0:17:32]} 52. Rxf6 {[%clk 0:02:55]} Kxb2
{[%clk 0:17:40]} 53. Rxh6 {[%clk 0:03:03]} Kxc3 {[%clk 0:17:46]} 54. b5
{[%clk 0:03:05]} Kxd4 {[%clk 0:17:52]} 55. b6 {[%clk 0:03:13]} Kc4
{[%clk 0:17:59]} 56. b7 {[%clk 0:03:22]} d4 {[%clk 0:18:04]} 57. b8=Q
{[%clk 0:03:28]} d3 {[%clk 0:18:11]} 58. Rd6 {[%clk 0:03:35]} Kc3
{[%clk 0:18:15]} 59. Rxd3+ {[%clk 0:03:43]} Kxd3 {[%clk 0:18:24]} 60. Qe5
{[%clk 0:03:48]} Kd2 {[%clk 0:18:31]} 61. Qd4+ {[%clk 0:03:54]} Kc2
{[%clk 0:18:37]} 62. Ke3 {[%clk 0:03:51]} Kc1 {[%clk 0:18:44]} 63. Kd3
{[%clk 0:03:32]} Kd1 {[%clk 0:18:45]} 64. Qb2 {[%clk 0:03:38]} Ke1
{[%clk 0:18:53]} 65. Qe2# 1-0

[Event "MCR druzstev mladsich zaku 2019"]
[Site "Trest"]
[Date "2019.06.15"]
[Round "3.13"]
[White "Setina, Vaclav"]
[Black "Juhanak, Daniel"]
[Result "1/2-1/2"]
[BlackElo "1550"]
[WhiteElo "1548"]
[LiveChessVersion "1.4.8"]

1. e4 {[%clk 0:25:20]} e6 {[%clk 0:25:16]} 2. d4 {[%clk 0:25:08]} d5
{[%clk 0:25:20]} 3. exd5 {[%clk 0:25:13]} exd5 {[%clk 0:25:20]} 4. Bd3
{[%clk 0:25:18]} c5 {[%clk 0:25:18]} 5. c3 {[%clk 0:24:51]} Nc6 {[%clk 0:24:43]}
6. Ne2 {[%clk 0:24:49]} Nf6 {[%clk 0:24:18]} 7. Be3 {[%clk 0:23:56]} Be7
{[%clk 0:22:19]} 8. Nd2 {[%clk 0:23:10]} O-O {[%clk 0:21:18]} 9. O-O
{[%clk 0:23:08]} Bg4 {[%clk 0:20:23]} 10. f3 {[%clk 0:20:24]} Bh5
{[%clk 0:19:34]} 11. dxc5 1/2-1/2

[Event "MCR druzstev mladsich zaku 2019"]
[Site "Trest"]
[Date "2019.06.15"]
[Round "3.14"]
[White "Soucek, Jan"]
[Black "Tajovsky, Simon"]
[Result "1-0"]
[BlackElo "1564"]
[WhiteElo "1595"]
[LiveChessVersion "1.4.8"]

1. d4 {[%clk 0:25:05]} d5 {[%clk 0:25:15]} 2. Nf3 {[%clk 0:25:08]} Nf6 3. g3
{[%clk 0:24:52]} c5 {[%clk 0:23:31]} 4. Bg2 {[%clk 0:24:45]} e6 {[%clk 0:23:28]}
5. O-O {[%clk 0:24:34]} Nc6 {[%clk 0:23:19]} 6. c3 {[%clk 0:23:17]} Bd6
{[%clk 0:22:54]} 7. Re1 {[%clk 0:21:57]} O-O {[%clk 0:22:47]} 8. Nbd2
{[%clk 0:21:21]} Re8 {[%clk 0:21:57]} 9. Nb3 {[%clk 0:20:22]} b6 {[%clk 0:20:54]}
10. Bg5 {[%clk 0:15:46]} h6 {[%clk 0:19:17]} 11. Bxf6 {[%clk 0:15:06]} Qxf6
{[%clk 0:19:21]} 12. e4 {[%clk 0:14:12]} dxe4 {[%clk 0:19:18]} 13. Nfd2
{[%clk 0:12:39]} cxd4 {[%clk 0:17:35]} 14. Nxe4 {[%clk 0:12:47]} Qe7
{[%clk 0:16:52]} 15. Nxd6 {[%clk 0:12:34]} Qxd6 {[%clk 0:16:54]} 16. Nxd4
{[%clk 0:12:39]} Nxd4 {[%clk 0:15:26]} 17. Bxa8 {[%clk 0:12:18]} Nf5
{[%clk 0:14:59]} 18. Qxd6 {[%clk 0:11:28]} Nxd6 {[%clk 0:15:06]} 19. Bc6 Re7
{[%clk 0:14:41]} 20. Rad1 {[%clk 0:11:17]} Nb7 {[%clk 0:14:21]} 21. b4
{[%clk 0:08:42]} Rc7 {[%clk 0:14:02]} 22. b5 {[%clk 0:05:44]} Nc5
{[%clk 0:13:32]} 23. Rd8+ {[%clk 0:05:23]} Kh7 {[%clk 0:13:37]} 24. Red1
{[%clk 0:02:53]} Bb7 {[%clk 0:12:37]} 25. Bxb7 {[%clk 0:01:37]} Rxb7
{[%clk 0:12:42]} 26. Rc8 {[%clk 0:01:22]} Kg6 {[%clk 0:11:59]} 27. Rd6
{[%clk 0:01:00]} Kf6 {[%clk 0:10:53]} 28. Rdc6 {[%clk 0:00:59]} Rd7
{[%clk 0:10:36]} 29. R8c7 {[%clk 0:00:48]} Ke7 {[%clk 0:10:24]} 30. Kg2
{[%clk 0:00:23]} Kd8 {[%clk 0:09:59]} 31. Rc8+ {[%clk 0:00:30]} Ke7
{[%clk 0:10:08]} 32. R6c7 {[%clk 0:00:22]} f5 {[%clk 0:09:09]} 33. Rxd7+
{[%clk 0:00:23]} Kxd7 {[%clk 0:09:18]} 34. Rg8 {[%clk 0:00:32]} Kd6
{[%clk 0:09:21]} 35. Rxg7 {[%clk 0:00:39]} Kd5 {[%clk 0:09:24]} 36. Rxa7
{[%clk 0:00:47]} Kc4 {[%clk 0:09:31]} 37. a4 {[%clk 0:00:40]} Kxc3
{[%clk 0:09:36]} 38. Rh7 {[%clk 0:00:20]} Kb4 {[%clk 0:09:38]} 39. Rxh6
{[%clk 0:00:27]} Kxa4 {[%clk 0:09:47]} 40. Rg6 {[%clk 0:00:23]} Kxb5
{[%clk 0:09:55]} 41. h4 {[%clk 0:00:33]} Kc6 {[%clk 0:09:56]} 42. h5
{[%clk 0:00:38]} Nd7 {[%clk 0:09:36]} 43. h6 {[%clk 0:00:33]} Nf8
{[%clk 0:09:43]} 44. Rf6 {[%clk 0:00:36]} Nh7 {[%clk 0:09:49]} 45. Rxe6+
{[%clk 0:00:45]} Kc5 {[%clk 0:09:54]} 46. Re7 {[%clk 0:00:54]} Nf8
{[%clk 0:09:23]} 47. Rf7 {[%clk 0:01:02]} Ng6 {[%clk 0:09:32]} 48. h7
{[%clk 0:01:08]} b5 {[%clk 0:09:39]} 49. Rxf5+ {[%clk 0:01:15]} Kc4
{[%clk 0:09:47]} 50. Rg5 {[%clk 0:01:22]} Nh8 {[%clk 0:09:54]} 51. Rg8
{[%clk 0:01:30]} Nf7 {[%clk 0:10:03]} 52. Rf8 {[%clk 0:01:29]} 1-0

[Event "MCR druzstev mladsich zaku 2019"]
[Site "Trest"]
[Date "2019.06.15"]
[Round "3.15"]
[White "Hronek, Ondrej"]
[Black "Svoboda, Daniel"]
[Result "1-0"]
[BlackElo "1458"]
[WhiteElo "1531"]
[LiveChessVersion "1.4.8"]

1. e4 {[%clk 0:25:17]} c5 {[%clk 0:25:18]} 2. Nc3 {[%clk 0:25:26]} d6
{[%clk 0:25:19]} 3. f4 {[%clk 0:25:34]} Nf6 {[%clk 0:25:15]} 4. Nf3
{[%clk 0:25:36]} g6 {[%clk 0:24:46]} 5. d3 {[%clk 0:25:41]} Bg7 {[%clk 0:24:50]}
6. Be2 {[%clk 0:25:18]} O-O {[%clk 0:24:28]} 7. O-O {[%clk 0:25:15]} Nc6
{[%clk 0:23:52]} 8. h3 {[%clk 0:25:17]} e6 {[%clk 0:16:26]} 9. Qe1
{[%clk 0:24:29]} Nd7 {[%clk 0:15:09]} 10. f5 {[%clk 0:22:01]} a6 {[%clk 0:14:13]}
11. Ng5 {[%clk 0:20:09]} Nb6 {[%clk 0:11:43]} 12. f6 {[%clk 0:16:42]} Bxf6
{[%clk 0:10:13]} 13. Qh4 {[%clk 0:16:49]} Bxg5 {[%clk 0:10:00]} 14. Bxg5
{[%clk 0:16:57]} Qd7 {[%clk 0:09:37]} 15. Bf6 {[%clk 0:16:31]} h5
{[%clk 0:07:26]} 16. Bxh5 {[%clk 0:15:50]} Ne5 {[%clk 0:06:43]} 17. Bd1
{[%clk 0:15:11]} 1-0

[Event "MCR druzstev mladsich zaku 2019"]
[Site "Trest"]
[Date "2019.06.15"]
[Round "3.16"]
[White "Tesar, Jakub"]
[Black "Bocek, Adam"]
[Result "1-0"]
[BlackElo "1513"]
[WhiteElo "1528"]
[LiveChessVersion "1.4.8"]

1. e4 {[%clk 0:25:18]} c5 {[%clk 0:25:19]} 2. Nf3 {[%clk 0:25:26]} Nc6
{[%clk 0:25:27]} 3. d4 {[%clk 0:25:33]} cxd4 {[%clk 0:25:35]} 4. Nxd4
{[%clk 0:25:41]} g6 {[%clk 0:25:44]} 5. Be3 {[%clk 0:25:27]} Bg7 {[%clk 0:25:51]}
6. Nc3 {[%clk 0:25:27]} Nf6 {[%clk 0:25:58]} 7. Be2 {[%clk 0:25:16]} O-O
{[%clk 0:25:55]} 8. Qd2 {[%clk 0:23:38]} d6 {[%clk 0:25:59]} 9. O-O
{[%clk 0:23:31]} Bd7 {[%clk 0:25:44]} 10. f3 {[%clk 0:22:45]} a6 {[%clk 0:25:38]}
11. Rad1 {[%clk 0:22:32]} Rc8 {[%clk 0:25:21]} 12. a3 {[%clk 0:20:53]} Qc7
{[%clk 0:24:47]} 13. Kh1 {[%clk 0:17:13]} b5 {[%clk 0:22:50]} 14. f4
{[%clk 0:15:56]} Ng4 {[%clk 0:21:27]} 15. Nd5 {[%clk 0:14:07]} Qd8
{[%clk 0:20:43]} 16. Bxg4 {[%clk 0:06:00]} Bxg4 {[%clk 0:20:41]} 17. Rc1
{[%clk 0:06:05]} Nxd4 {[%clk 0:17:32]} 18. Bxd4 {[%clk 0:06:11]} Rc4
{[%clk 0:11:16]} 19. Bxg7 Kxg7 {[%clk 0:10:59]} 20. Ne3 {[%clk 0:06:10]} Be2
{[%clk 0:10:15]} 21. Qxe2 {[%clk 0:05:10]} Rxe4 {[%clk 0:10:19]} 22. Qd3
{[%clk 0:05:08]} f5 {[%clk 0:07:30]} 23. Rce1 {[%clk 0:03:58]} Kg8
{[%clk 0:04:39]} 24. Nd5 {[%clk 0:02:55]} e6 {[%clk 0:02:39]} 25. Rxe4
{[%clk 0:02:28]} fxe4 {[%clk 0:02:43]} 26. Qxe4 {[%clk 0:02:37]} exd5
{[%clk 0:02:46]} 27. Qxd5+ Kg7 {[%clk 0:02:49]} 28. Qb7+ {[%clk 0:02:52]} Rf7
{[%clk 0:02:29]} 29. Qxa6 Rf5 {[%clk 0:02:15]} 30. Qa7+ {[%clk 0:02:53]} Kg8
{[%clk 0:02:18]} 31. Qd4 {[%clk 0:02:34]} Qc7 {[%clk 0:02:13]} 32. Qd3
{[%clk 0:02:18]} Qc4 {[%clk 0:01:37]} 33. Qxc4+ {[%clk 0:02:08]} bxc4
{[%clk 0:01:45]} 34. g3 {[%clk 0:02:18]} Rb5 {[%clk 0:01:51]} 35. Rb1
{[%clk 0:02:19]} Kf7 {[%clk 0:01:58]} 36. Kg2 {[%clk 0:02:29]} Kf6
{[%clk 0:02:07]} 37. Kf3 {[%clk 0:02:38]} Kf5 {[%clk 0:02:14]} 38. g4+
{[%clk 0:02:42]} Ke6 {[%clk 0:02:23]} 39. Ke4 {[%clk 0:02:46]} h6
{[%clk 0:01:54]} 40. Kd4 {[%clk 0:02:37]} d5 {[%clk 0:01:51]} 41. b3
{[%clk 0:02:36]} Kd6 {[%clk 0:01:31]} 42. b4 {[%clk 0:02:19]} Rb8
{[%clk 0:01:27]} 43. b5 {[%clk 0:02:23]} Re8 {[%clk 0:01:12]} 44. b6
{[%clk 0:01:46]} Kc6 {[%clk 0:01:01]} 45. b7 {[%clk 0:01:35]} Re4+
{[%clk 0:00:19]} 46. Kc3 {[%clk 0:01:42]} Re3+ {[%clk 0:00:27]} 47. Kd2
{[%clk 0:01:44]} d4 {[%clk 0:00:14]} 48. b8=Q {[%clk 0:00:58]} c3+
{[%clk 0:00:00]} 49. Kd1 {[%clk 0:00:58]} d3 {[%clk 0:00:00]} 50. Qb6+
{[%clk 0:00:58]} Kd7 {[%clk 0:00:00]} 51. Qxe3 {[%clk 0:00:58]} 1-0